[Event "Yuzhny op"]
[Site "Yuzhny"]
[Date "2011.09.07"]
[Round "8"]
[White "Nosenko, Alexander"]
[Black "Plaksin, Valeriy"]
[Result "1/2-1/2"]
[WhiteElo "2521"]
[BlackElo "2189"]
[PlyCount "154"]
[EventDate "2011.09.03"]
[EventType "swiss"]
[EventRounds "9"]
[EventCountry "UKR"]
[SourceTitle "CBM 144 Extra"]
[Source "ChessBase"]
[SourceDate "2011.10.28"]
[SourceVersion "1"]
[SourceVersionDate "2011.10.28"]
[SourceQuality "1"]

1. d4 Nf6 2. c4 e6 3. Nc3 Bb4 4. e3 c5 5. Nge2 b6 6. a3 Ba5 7. Rb1 Qe7 8. Bd2 Bxc3 9. Nxc3 Bb7 10. Bd3 Nc6 11. Ne2 d5 12. cxd5 exd5 13. 0-0 0-0 14. dxc5 bxc5 15. Ng3 Ne5 16. Be2 Ne4 17. Rc1 Rac8 18. Qc2 Nxd2 19. Qxd2 Qe6 20. Rfd1 Rfd8 21. b4 c4 22. h3 d4 23. exd4 Qd5 24. f3 Nd3 25. Bxd3 Qxd4+ 26. Qf2 cxd3 27. Qxd4 Rxd4 28. Rxc8+ Bxc8 29. Kf2 Ba6 30. Ne4 f5 31. Nc5 Bb5 32. Ke3 Rd8 33. g3 g5 34. f4 Re8+ 35. Kd4 gxf4 36. gxf4 Rd8+ 37. Kc3 Rc8 38. Kb3 a5 39. a4 Bc6 40. bxa5 Bd5+ 41. Kb4 Rb8+ 42. Kc3 Rc8 43. Kd4 Be4 44. Nxe4 fxe4 45. Kxe4 Rc4+ 46. Ke5 Rxa4 47. Rxd3 Rxa5+ 48. Rd5 Ra3 49. h4 Ra8 50. f5 Kg7 51. Rd7+ Kg8 52. f6 Ra1 53. Rg7+ Kf8 54. Rxh7 Re1+ 55. Kf5 Rf1+ 56. Kg6 Rg1+ 57. Kh5 Rf1 58. Kg5 Rg1+ 59. Kh5 Rf1 60. Rh8+ Kf7 61. Kg5 Rg1+ 62. Kh6 Rg6+ 63. Kh7 Rxf6 64. h5 Rf5 65. h6 Rf1 66. Ra8 Rf2 67. Ra5 Rg2 68. Rf5+ Ke7 69. Kh8 Rg1 70. Rf2 Rg6 71. h7 Rg1 72. Ra2 Kf7 73. Ra7+ Kf6 74. Ra8 Kf7 75. Rg8 Rf1 76. Rg7+ Kf8 77. Rg3 Rf2 1/2-1/2

[Event "UKR-chT Clubs"]
[Site "Alushta"]
[Date "2011.05.21"]
[Round "9.3"]
[White "Plaksin, Valeriy"]
[Black "Fish, Alexandr"]
[Result "1-0"]
[WhiteElo "2190"]
[BlackElo "1958"]
[PlyCount "67"]
[EventDate "2011.05.13"]
[EventType "team-tourn"]
[EventRounds "9"]
[EventCountry "UKR"]
[SourceTitle "CBM 142 Extra"]
[Source "ChessBase"]
[SourceDate "2011.06.27"]
[SourceVersion "1"]
[SourceVersionDate "2011.06.27"]
[SourceQuality "1"]
[WhiteTeam "Chernigov With no mercy"]
[BlackTeam "Simferopol"]
[WhiteTeamCountry "UKR"]
[BlackTeamCountry "UKR"]

1. d4 d5 2. c4 e6 3. Nf3 c5 4. e3 Nc6 5. Nc3 Nf6 6. a3 Bd6 7. dxc5 Bxc5 8. b4 Bd6 9. Bb2 0-0 10. Be2 dxc4 11. Bxc4 Ne5 12. Be2 Qe7 13. Qb3 Nxf3+ 14. Bxf3 e5 15. Nd5 Nxd5 16. Bxd5 Kh8 17. e4 f5 18. exf5 Bxf5 19. 0-0 Rae8 20. f3 Rf6 21. Be4 Be6 22. Qd3 Bc7 23. Kh1 Bb6 24. Bxe5 Rh6 25. Bf4 Rh4 26. Bg3 Rh6 27. Qd6 Qf7 28. Qf4 Rf6 29. Qg5 Bd4 30. Rad1 Bb2 31. Rfe1 Bxa3 32. Qa5 Bb3 33. Rd8 Ra6 34. Bd5 1-0

[Event "UKR-chT Clubs"]
[Site "Alushta"]
[Date "2011.05.17"]
[Round "5.4"]
[White "Pavlov, Maxim"]
[Black "Plaksin, Valeriy"]
[Result "1-0"]
[WhiteElo "2364"]
[BlackElo "2190"]
[PlyCount "163"]
[EventDate "2011.05.13"]
[EventType "team-tourn"]
[EventRounds "9"]
[EventCountry "UKR"]
[SourceTitle "CBM 142 Extra"]
[Source "ChessBase"]
[SourceDate "2011.06.27"]
[SourceVersion "1"]
[SourceVersionDate "2011.06.27"]
[SourceQuality "1"]
[WhiteTeam "Crimea Gaz"]
[BlackTeam "Chernigov With no mercy"]
[WhiteTeamCountry "UKR"]
[BlackTeamCountry "UKR"]

1. e4 g6 2. d4 Bg7 3. Nc3 d6 4. f4 c6 5. Nf3 Bg4 6. Be3 Qb6 7. Qd2 Bxf3 8. gxf3 Nd7 9. 0-0-0 Ngf6 10. f5 Qc7 11. Rg1 b5 12. Kb1 Nb6 13. Bd3 Nfd7 14. h4 Bf6 15. f4 b4 16. Ne2 c5 17. dxc5 Nxc5 18. e5 Nxd3 19. exf6 Nc5 20. fxe7 Qxe7 21. Bd4 0-0 22. Ng3 Ne4 23. Nxe4 Qxe4 24. fxg6 fxg6 25. h5 Nc4 26. Qxb4 Rfc8 27. hxg6 hxg6 28. Qe1 Qxe1 29. Rgxe1 Rab8 30. Kc1 Kf7 31. Rh1 Ke6 32. Rh7 a5 33. Rg1 Kd5 34. Bc3 Re8 35. b3 Ne3 36. Bd2 Rbc8 37. c3 Re6 38. Rh3 Nf5 39. Rd3+ Kc5 40. c4 a4 41. Rd5+ Kc6 42. Rh1 axb3 43. axb3 Ng3 44. Rh7 Ne4 45. Ra7 Nxd2 46. Kxd2 Rb8 47. Rd3 Rf6 48. Kc3 Kb6 49. Re7 Ra8 50. Rd5 Kc6 51. b4 Ra3+ 52. Kb2 Rf3 53. b5+ Kb6 54. Rd7 Ka5 55. R7xd6 R6xf4 56. b6+ Kb4 57. Rb5+ Kxc4 58. b7 Rf2+ 59. Kc1 Rf1+ 60. Rd1 Rxd1+ 61. Kxd1 Rd4+ 62. Kc2 Kxb5 63. b8Q+ Kc5 64. Qc7+ Kd5 65. Qf7+ Kc5 66. Qxg6 Rc4+ 67. Kd3 Rd4+ 68. Ke3 Rd6 69. Qf7 Kc6 70. Ke4 Rd7 71. Qf8 Kc7 72. Ke5 Kb7 73. Ke6 Rc7 74. Qe8 Ka7 75. Kd6 Rb7 76. Qa4+ Kb8 77. Qe4 Rb6+ 78. Kc5 Rb7 79. Kc6 Ka7 80. Qa4+ Kb8 81. Qa5 Kc8 82. Qa6 1-0

[Event "Yuzhny op"]
[Site "Yuzhny"]
[Date "2010.09.09"]
[Round "5"]
[White "Plaksin, Valeriy"]
[Black "Gavriliuk, Alexandr"]
[Result "1-0"]
[WhiteElo "2220"]
[BlackElo "1854"]
[PlyCount "103"]
[EventDate "2010.09.07"]
[EventType "swiss"]
[EventRounds "9"]
[EventCountry "UKR"]
[SourceTitle "CBM 138 Extra"]
[Source "ChessBase"]
[SourceDate "2010.10.29"]
[SourceVersion "1"]
[SourceVersionDate "2010.10.29"]
[SourceQuality "1"]

1. Nf3 Nf6 2. c4 g6 3. Nc3 c5 4. e3 Bg7 5. d4 cxd4 6. exd4 0-0 7. d5 d6 8. Be2 Nbd7 9. 0-0 Nc5 10. Be3 Nfe4 11. Nxe4 Nxe4 12. Bd4 Nf6 13. Re1 e5 14. dxe6 Bxe6 15. Ng5 Bd7 16. Bf3 h6 17. Ne4 Bc6 18. Qd2 Nxe4 19. Bxe4 Qc7 20. Bxg7 Kxg7 21. Rad1 Rfd8 22. b3 Rd7 23. Qd4+ Kh7 24. h4 h5 25. Re3 a6 26. Qf6 Bxe4 27. Rxe4 Rad8 28. Rd5 Rb8 29. Qf4 b5 30. c5 Rbd8 31. b4 Qb7 32. Red4 dxc5 33. Rxd7 Rxd7 34. Rxd7 Qxd7 35. bxc5 Kg8 36. Qf3 Qc8 37. Qd5 Kf8 38. Qd6+ Ke8 39. c6 Qe6 40. Qb8+ Ke7 41. c7 Qe1+ 42. Kh2 Qe5+ 43. g3 Qd4 44. c8N+ Ke8 45. Na7+ Kd7 46. Qc8+ Kd6 47. Qxa6+ Kd7 48. Qxb5+ Ke6 49. Qe8+ Kf5 50. Qe3 Qa1 51. Nc6 Kf6 52. Qd4+ 1-0

[Event "Yuzhny op"]
[Site "Yuzhny"]
[Date "2010.09.08"]
[Round "2"]
[White "Kovalenko, Igor"]
[Black "Plaksin, Valeriy"]
[Result "1-0"]
[WhiteElo "2466"]
[BlackElo "2220"]
[PlyCount "107"]
[EventDate "2010.09.07"]
[EventType "swiss"]
[EventRounds "9"]
[EventCountry "UKR"]
[SourceTitle "CBM 138 Extra"]
[Source "ChessBase"]
[SourceDate "2010.10.29"]
[SourceVersion "1"]
[SourceVersionDate "2010.10.29"]
[SourceQuality "1"]

1. e4 g6 2. d4 Bg7 3. Nc3 d6 4. Bg5 Nc6 5. d5 Nd4 6. Qd2 a6 7. Nd1 c6 8. Be3 Nb5 9. c4 Na7 10. Bd3 Bd7 11. Nf3 c5 12. 0-0 b5 13. Re1 Bg4 14. Nc3 Bxf3 15. gxf3 Rb8 16. Rab1 bxc4 17. Bxc4 Nb5 18. Bxb5+ axb5 19. b4 c4 20. f4 Nh6 21. f3 Qd7 22. Kg2 Ra8 23. Bd4 0-0 24. Rb2 f6 25. h4 Nf7 26. h5 g5 27. f5 Bh6 28. Qf2 Kh8 29. Kg3 g4 30. f4 Ra3 31. Rc2 Rc8 32. Be3 Nd8 33. Bc1 Ra6 34. a3 Nf7 35. Ra2 Qb7 36. Be3 Rca8 37. Rea1 Qd7 38. Bd4 Qb7 39. a4 bxa4 40. b5 Ra5 41. Bb6 Bxf4+ 42. Kxf4 Ne5 43. Kg3 Nd3 44. Qe3 Nc5 45. Bxc5 dxc5 46. Qxc5 Qb8+ 47. d6 exd6 48. Qd4 d5+ 49. Kg2 Qd6 50. Nxd5 Rxb5 51. Rxa4 Rf8 52. Ra8 Kg7 53. R1a7+ Kh6 54. Qe3+ 1-0

[Event "Myrhorod op"]
[Site "Myrhorod"]
[Date "2010.07.10"]
[Round "3"]
[White "Sergienko, Vladislav"]
[Black "Plaksin, Valeriy"]
[Result "1-0"]
[WhiteElo "2039"]
[BlackElo "2220"]
[PlyCount "81"]
[EventDate "2010.07.09"]
[EventType "swiss"]
[EventRounds "9"]
[EventCountry "UKR"]
[SourceTitle "CBM 137 Extra"]
[Source "ChessBase"]
[SourceDate "2010.09.01"]
[SourceVersion "1"]
[SourceVersionDate "2010.09.01"]
[SourceQuality "1"]

1. Nf3 Nf6 2. c4 e6 3. g3 c5 4. Bg2 Nc6 5. 0-0 e5 6. Nc3 Be7 7. d3 0-0 8. a3 Re8 9. Rb1 h6 10. Qa4 a5 11. e4 Bf8 12. Nd5 Ra6 13. Bd2 d6 14. h3 Nxd5 15. cxd5 Nd4 16. Nxd4 exd4 17. Kh2 Bd7 18. Qd1 a4 19. f4 f5 20. Re1 fxe4 21. dxe4 c4 22. Qh5 Qf6 23. e5 Qf5 24. Qe2 dxe5 25. fxe5 d3 26. Qe3 h5 27. e6 h4 28. g4 Qf6 29. Rf1 Qd8 30. Qf3 Bd6+ 31. Kh1 Rf8 32. Qe4 Be8 33. Rxf8+ Bxf8 34. Rf1 Be7 35. Bf4 b5 36. Be5 Bd6 37. Bxd6 Qxd6 38. e7 Bg6 39. Rf8+ Kh7 40. e8Q d2 41. Rh8# 1-0

[Event "Myrhorod op"]
[Site "Myrhorod"]
[Date "2010.07.09"]
[Round "1"]
[White "Gavriliuk, Alexandr"]
[Black "Plaksin, Valeriy"]
[Result "0-1"]
[WhiteElo "1854"]
[BlackElo "2220"]
[PlyCount "116"]
[EventDate "2010.07.09"]
[EventType "swiss"]
[EventRounds "9"]
[EventCountry "UKR"]
[SourceTitle "CBM 137 Extra"]
[Source "ChessBase"]
[SourceDate "2010.09.01"]
[SourceVersion "1"]
[SourceVersionDate "2010.09.01"]
[SourceQuality "1"]

1. e4 g6 2. d4 Bg7 3. Nf3 d6 4. Nc3 c6 5. Bd3 Nd7 6. Ne2 Qc7 7. c3 e5 8. Be3 Ngf6 9. 0-0 0-0 10. Ng3 Re8 11. Re1 Nf8 12. h3 b6 13. Qc2 c5 14. Rad1 Ne6 15. Bb5 Nd7 16. Qd2 exd4 17. cxd4 Rd8 18. Rc1 Bb7 19. b4 Rac8 20. d5 Nef8 21. Bg5 f6 22. Bh6 a6 23. Be2 Ne5 24. Nh2 Qe7 25. Bxg7 Kxg7 26. f4 Nf7 27. Bg4 Rb8 28. Nf3 Nh6 29. f5 Nf7 30. fxg6 hxg6 31. Nh4 Qe5 32. Re3 Bc8 33. Bxc8 Rdxc8 34. Ngf5+ gxf5 35. Nxf5+ Kh8 36. Qe2 Nh7 37. Qh5 Nfg5 38. h4 cxb4 39. Rce1 Rc3 40. hxg5 fxg5 41. Qg6 Rf8 42. R3e2 Qf6 43. Qh5 a5 44. Qh2 Rd8 45. Rd1 g4 46. Nxd6 g3 47. Qh6 Qxd6 48. Qxd6 Rxd6 49. Kf1 Rh6 50. Ke1 Rh1+ 51. Kd2 Rxd1+ 52. Kxd1 Kg7 53. e5 Rd3+ 54. Rd2 Rxd2+ 55. Kxd2 Kg6 56. Ke3 Kf5 57. Kd4 Nf8 58. d6 Ne6+ 0-1

[Event "UKR-ch sf"]
[Site "Alushta"]
[Date "2008.05.14"]
[Round "4"]
[White "Garnazhenko, Dmitry"]
[Black "Plaksin, Valeriy"]
[Result "0-1"]
[WhiteElo "1874"]
[BlackElo "2192"]
[PlyCount "80"]
[EventDate "2008.05.10"]
[EventType "swiss"]
[EventRounds "9"]
[EventCountry "UKR"]
[SourceTitle "CBM 124 Extra"]
[Source "ChessBase"]
[SourceDate "2008.07.03"]
[SourceVersion "1"]
[SourceVersionDate "2008.07.03"]
[SourceQuality "1"]

1. e4 g6 2. d4 Bg7 3. Nc3 d6 4. h3 Nd7 5. Be3 a6 6. a4 b6 7. Bd3 Bb7 8. Nge2 c5 9. 0-0 Rc8 10. b3 cxd4 11. Bxd4 Bxd4 12. Nxd4 Rxc3 13. Bc4 Ngf6 14. f3 Qc7 15. Qd2 Rxc4 16. bxc4 Qxc4 17. Qd3 Qc5 18. Kh2 0-0 19. Nb3 Qc7 20. Kg1 Rc8 21. Rf2 Ne5 22. Qe3 Kg7 23. Rc1 Nc4 24. Qd4 e5 25. Qc3 d5 26. exd5 Nxd5 27. Qe1 Nf4 28. Nd2 Nb2 29. Kh2 f6 30. Nb3 Nxa4 31. g3 Ne6 32. Rd1 Ng5 33. Nd2 Nc3 34. Ra1 e4 35. f4 Ne6 36. Qe3 f5 37. Nb3 Nd5 38. Qe1 e3 39. Re2 Ndxf4 40. gxf4 Nxf4 0-1

[Event "Rodatychi op"]
[Site "Rodatychi"]
[Date "2006.09.01"]
[Round "9"]
[White "Zherebukh, Yaroslav"]
[Black "Plaksin, Valeriy"]
[Result "1-0"]
[WhiteElo "2371"]
[BlackElo "2136"]
[PlyCount "113"]
[EventDate "2006.08.27"]
[EventType "swiss"]
[EventRounds "9"]
[EventCountry "UKR"]
[SourceTitle "EXT 2008"]
[Source "ChessBase"]
[SourceDate "2007.11.25"]
[SourceVersion "1"]
[SourceVersionDate "2007.11.25"]
[SourceQuality "1"]

1. e4 g6 2. d4 Bg7 3. Nc3 d6 4. Bg5 a6 5. f4 c5 6. dxc5 Qa5 7. Qd2 Qxc5 8. Nf3 Bg4 9. Be2 Nc6 10. Na4 Qb4 11. Qxb4 Nxb4 12. Kd2 Nf6 13. Nc3 Rc8 14. Rhc1 Nh5 15. Ng1 Bxe2 16. Ngxe2 h6 17. Bh4 Nc6 18. Bf2 g5 19. g3 gxf4 20. gxf4 Na5 21. Rab1 Nc4+ 22. Kd3 b5 23. Rg1 e6 24. Rg4 Kf8 25. b3 Na3 26. Rc1 Nf6 27. Rxg7 Kxg7 28. Bd4 e5 29. fxe5 Nd7 30. exd6+ f6 31. Nd5 Ne5+ 32. Bxe5 fxe5 33. Rg1+ Kf7 34. Rf1+ Kg7 35. Ng3 Rhf8 36. Nf5+ Kh7 37. Nfe7 Rxf1 38. Nxc8 Rf3+ 39. Kd2 Nb1+ 40. Kc1 Rf1+ 41. Kb2 b4 42. Nxb4 Nd2 43. d7 Rf8 44. Nc6 Nxe4 45. d8Q Rxd8 46. Nxd8 Kg6 47. Ne7+ Kf6 48. Nd5+ Kf5 49. c4 h5 50. b4 h4 51. c5 h3 52. Kc2 Kg4 53. Nf7 Kf5 54. c6 Ke6 55. c7 Kd7 56. Nxe5+ Kc8 57. Nc6 1-0

[Event "Rodatychi op"]
[Site "Rodatychi"]
[Date "2006.08.31"]
[Round "8"]
[White "Plaksin, Valeriy"]
[Black "Poluektov, Yury"]
[Result "1-0"]
[WhiteElo "2136"]
[BlackElo "2365"]
[PlyCount "105"]
[EventDate "2006.08.27"]
[EventType "swiss"]
[EventRounds "9"]
[EventCountry "UKR"]
[SourceTitle "EXT 2008"]
[Source "ChessBase"]
[SourceDate "2007.11.25"]
[SourceVersion "1"]
[SourceVersionDate "2007.11.25"]
[SourceQuality "1"]

1. c4 Nf6 2. Nf3 e6 3. Nc3 d5 4. e3 Be7 5. d4 0-0 6. Bd3 dxc4 7. Bxc4 c5 8. 0-0 a6 9. a4 Nc6 10. Ne5 Nb4 11. Qe2 Qc7 12. a5 Bd6 13. f4 cxd4 14. exd4 Bd7 15. Be3 Rac8 16. Bb3 Nbd5 17. Nxd5 exd5 18. Rfc1 Qd8 19. Qf3 Rxc1+ 20. Bxc1 Bf5 21. Bd2 Be4 22. Qe2 Qe7 23. Rc1 Qe6 24. h3 h5 25. Be1 Qf5 26. Qe3 Rc8 27. Rc3 Rxc3 28. bxc3 Nd7 29. c4 g5 30. Bg3 h4 31. Bh2 f6 32. Nxd7 gxf4 33. Qe1 Qxd7 34. c5 Kg7 35. cxd6 Qxd6 36. Bd1 Qa3 37. Bxf4 Qa1 38. Qd2 Qa3 39. Kh2 Kf7 40. Bc2 f5 41. Bxe4 fxe4 42. Bg5 Qg3+ 43. Kg1 Kg6 44. Bf4 Qa3 45. Kh2 Kf7 46. Be5 e3 47. Qe1 Qd3 48. Qxh4 e2 49. Qf6+ Ke8 50. Qe6+ Kf8 51. Bf6 Qg6 52. Be7+ Kg7 53. Qxe2 1-0

[Event "Rodatychi op"]
[Site "Rodatychi"]
[Date "2006.08.31"]
[Round "7"]
[White "Zakharchenko, Arnold"]
[Black "Plaksin, Valeriy"]
[Result "0-1"]
[WhiteElo "2275"]
[BlackElo "2136"]
[PlyCount "83"]
[EventDate "2006.08.27"]
[EventType "swiss"]
[EventRounds "9"]
[EventCountry "UKR"]
[SourceTitle "EXT 2008"]
[Source "ChessBase"]
[SourceDate "2007.11.25"]
[SourceVersion "1"]
[SourceVersionDate "2007.11.25"]
[SourceQuality "1"]

1. c4 Nf6 2. d4 e6 3. Nc3 Bb4 4. e3 b6 5. Nge2 Bb7 6. a3 Bxc3+ 7. Nxc3 0-0 8. Bd3 d5 9. 0-0 Nbd7 10. b3 c5 11. Bb2 Qe7 12. Qc2 Rac8 13. Rae1 Rfd8 14. f3 h6 15. Qf2 Ba6 16. Qe2 Qd6 17. Nb5 Bxb5 18. cxb5 e5 19. Bf5 Rc7 20. Rc1 Re8 21. Qd2 cxd4 22. exd4 e4 23. Rxc7 Qxc7 24. Rc1 Qb8 25. Rc6 e3 26. Qe2 Qf4 27. Bh3 Nf8 28. g3 Qg5 29. Rc1 Ng6 30. Kh1 Nh5 31. Rg1 Qf6 32. Bg2 Qf5 33. Re1 Nhf4 34. Qd1 Nd3 35. Qb1 Nf2+ 36. Kg1 Qd3 37. Ba1 e2 38. Qc1 Nd1 39. h4 Qxb3 40. Qc6 Re7 41. h5 Nf8 42. f4 0-1

[Event "Rodatychi op"]
[Site "Rodatychi"]
[Date "2006.08.28"]
[Round "2"]
[White "Plaksin, Valeriy"]
[Black "Smirnov, Igor"]
[Result "0-1"]
[WhiteElo "2136"]
[BlackElo "2450"]
[PlyCount "108"]
[EventDate "2006.08.27"]
[EventType "swiss"]
[EventRounds "9"]
[EventCountry "UKR"]
[SourceTitle "EXT 2008"]
[Source "ChessBase"]
[SourceDate "2007.11.25"]
[SourceVersion "1"]
[SourceVersionDate "2007.11.25"]
[SourceQuality "1"]

1. Nf3 Nf6 2. c4 e6 3. Nc3 Bb4 4. Qc2 0-0 5. a3 Bxc3 6. Qxc3 b6 7. g3 Bb7 8. Bg2 d5 9. cxd5 Nxd5 10. Qc2 c5 11. 0-0 Nc6 12. b3 e5 13. Bb2 Re8 14. d3 Rc8 15. e3 Qd7 16. Rad1 f6 17. Qb1 Kh8 18. Nd2 Rcd8 19. Rfe1 Nc7 20. Ne4 Ne6 21. f4 f5 22. Nf2 exf4 23. gxf4 Ne7 24. Be5 Ng6 25. Nh3 Bxg2 26. Kxg2 Nxe5 27. fxe5 Qd5+ 28. Kg1 Qxe5 29. d4 Qf6 30. d5 Ng5 31. Nxg5 Qxg5+ 32. Kh1 Rd6 33. e4 Rg6 34. Rg1 Qf4 35. Rxg6 hxg6 36. Qd3 fxe4 37. Qh3+ Kg8 38. d6 Qf5 39. Qg3 Rd8 40. Kg2 Qe6 41. Kf2 e3+ 42. Qxe3 Qf6+ 43. Ke2 Rxd6 44. Rxd6 Qxd6 45. h3 Kf7 46. Qf3+ Qf6 47. Qd3 Ke7 48. a4 Qc6 49. Kd2 Qd6 50. Ke3 Qxd3+ 51. Kxd3 Kd6 52. Kc4 Kc6 53. b4 cxb4 54. Kxb4 g5 0-1

[Event "Rodatychi op"]
[Site "Rodatychi"]
[Date "2006.08.27"]
[Round "1"]
[White "Kazakov, Mikhail"]
[Black "Plaksin, Valeriy"]
[Result "1/2-1/2"]
[WhiteElo "2456"]
[BlackElo "2136"]
[PlyCount "120"]
[EventDate "2006.08.27"]
[EventType "swiss"]
[EventRounds "9"]
[EventCountry "UKR"]
[SourceTitle "EXT 2008"]
[Source "ChessBase"]
[SourceDate "2007.11.25"]
[SourceVersion "1"]
[SourceVersionDate "2007.11.25"]
[SourceQuality "1"]

1. e4 g6 2. d4 Bg7 3. Nc3 d6 4. Nf3 Nf6 5. Be3 c6 6. Qd2 b5 7. Bd3 Ng4 8. Bg5 h6 9. Bh4 Nd7 10. h3 Ngf6 11. e5 b4 12. exf6 bxc3 13. Qxc3 Nxf6 14. Qxc6+ Bd7 15. Qa6 Nh5 16. 0-0 g5 17. Bg3 Nxg3 18. fxg3 Qb6 19. Qxb6 axb6 20. c3 g4 21. hxg4 Bxg4 22. Bb5+ Kf8 23. Nd2 d5 24. Nf3 Bxf3 25. Rxf3 e6 26. Raf1 Ra7 27. Rf4 h5 28. a3 Bh6 29. Rh4 Bg5 30. Rh3 Kg7 31. Kf2 h4 32. Kf3 Rh6 33. gxh4 Rxh4 34. Rxh4 Bxh4 35. Kf4 Bf6 36. Rh1 Ra8 37. a4 Be7 38. Kf3 Bd6 39. b3 Rc8 40. c4 dxc4 41. Bxc4 Bb4 42. Rh5 Bc3 43. d5 Rc5 44. g4 exd5 45. Bxd5 f6 46. Ke4 Bb4 47. Rh1 b5 48. axb5 Rxb5 49. Rd1 Kg6 50. Bc6 Re5+ 51. Kf4 Bc5 52. Be4+ Kf7 53. Rd7+ Be7 54. Rb7 Ke6 55. b4 Bd6 56. Kf3 Rg5 57. b5 Rc5 58. Rb6 Kd7 59. Ra6 Rc3+ 60. Ke2 Be5 1/2-1/2